| 000 | 01132nam a22003014a 4500 | ||
|---|---|---|---|
| 001 | ebr10113938 | ||
| 003 | CaPaEBR | ||
| 006 | m u | ||
| 007 | cr cn||||||||| | ||
| 008 | 050622s2005 njua s 000 0 eng | ||
| 010 | _z 2005278472 | ||
| 020 | _z0471474266 | ||
| 040 |
_aCaPaEBR _cCaPaEBR |
||
| 035 | _a(OCoLC)559956270 | ||
| 050 | 1 | 4 |
_aQH431 _b.P316 2005eb |
| 082 | 0 | 4 |
_a616/.042 _222 |
| 100 | 1 | _aPasternak, Jack J. | |
| 245 | 1 | 3 |
_aAn introduction to human molecular genetics _h[electronic resource] : _bmechanisms of inherited diseases / _cJack J. Pasternak. |
| 250 | _a2nd ed. | ||
| 260 |
_aHoboken, N.J. : _bWiley-Liss, _cc2005. |
||
| 300 |
_a631 p. : _bill. |
||
| 533 |
_aElectronic reproduction. _bPalo Alto, Calif. : _cebrary, _d2013. _nAvailable via World Wide Web. _nAccess may be limited to ebrary affiliated libraries. |
||
| 650 | 0 | _aHuman molecular genetics. | |
| 650 | 0 | _aGenetic disorders. | |
| 655 | 7 |
_aElectronic books. _2local |
|
| 710 | 2 | _aebrary, Inc. | |
| 856 | 4 | 0 |
_uhttp://site.ebrary.com/lib/rucke/Doc?id=10113938 _zAn electronic book accessible through the World Wide Web; click to view |
| 999 |
_c209220 _d209220 |
||